Personajes de la que se avecina - Estadísticas

Estadísticas generales
  • Esta prueba ha sido intentada 169 veces
  • La puntuación promedio es 30 de 42
Estadísticas de respuestas
Respuesta % Correcto
Amador Rivas
98%
Enrique Pastor
97%
Maite Figueroa
96%
Antonio Recio Matamoros
93%
Javier Maroto
93%
Lola Trujillo Pacheco
92%
Fermín Trujillo
91%
La Paca
91%
Berta Escobar
90%
Judith Becker
89%
Nines Chacón
88%
Raquel Villanueva
88%
Carlota Rivas Figueroa
87%
Aracelí Maradiaga
86%
Leonardo Romaní
83%
Fernando Rivas Figueroa
81%
Alba Recio
79%
Izaskun Sagastume
79%
Coque Calatrava
78%
Amador Rivas Figueroa Junior
76%
Sergio Arias
76%
Francisco Pastor Madariaga
75%
Mari Tere Valverde
74%
Rodrigo Rivas Figueroa
72%
Bruno Quiroga
69%
Doña Fina Palomares
69%
Yoli Morcillo Carascosa
69%
Teodoro Rivas
66%
Menchu Carrascosa
65%
Joaquin Arias
64%
Maximo Angulo
64%
Vicente Maroto
64%
Goya Rodriguez
63%
Cristina Soria
54%
Julían Pastor
54%
La Chusa
49%
Ongombo Mudungdung
46%
Parrales
39%
Silvio
39%
Clara
38%
Josito Morcillo Carrascosa
37%
El Moroso (Cabrón)
17%
No se encontraron pruebas coincidentes
Distribución de puntuación
Porcentaje de gente con cada puntuación
Porcentaje por número respondido
Historial de tus puntuaciones
No has intentado esta prueba.